[Event "Hessen-ch qual-D"]
[Site "Erlensee"]
[Date "2007.04.08"]
[Round "5"]
[White "Zwier, Holger"]
[Black "Ahrend, Bodo"]
[Result "1/2-1/2"]
[WhiteElo "1530"]
[BlackElo "1595"]
[PlyCount "112"]
[EventDate "2007.04.06"]
[EventType "swiss"]
[EventRounds "5"]
[EventCountry "GER"]
[SourceTitle "CBM 117 Extra"]
[Source "ChessBase"]
[SourceDate "2007.05.09"]
[SourceVersion "1"]
[SourceVersionDate "2007.05.09"]
[SourceQuality "1"]

1. e4 e5 2. Bc4 Bc5 3. d3 Nf6 4. Nc3 c6 5. Bg5 d6 6. h3 Nbd7 7. Nf3 b5 8. Bb3 a5 9. a3 0-0 10. 0-0 h6 11. Bh4 Bb7 12. g4 Qc8 13. g5 hxg5 14. Nxg5 Nb6 15. Qf3 d5 16. exd5 cxd5 17. Qg3 Qf5 18. Rae1 Rae8 19. Kh2 b4 20. axb4 axb4 21. Nd1 Nh5 22. Qg4 Qxg4 23. hxg4 Nf4 24. Bg3 Ng6 25. f3 Be7 26. Nh3 Bd6 27. Ne3 Ne7 28. f4 exf4 29. Bxf4 Bxf4+ 30. Rxf4 Nc6 31. d4 Na5 32. Ba2 Nac4 33. Ng2 Rxe1 34. Nxe1 Nxb2 35. Ng5 N2c4 36. Nd3 f6 37. Nh3 g5 38. Rf3 Kg7 39. Nxb4 Bc8 40. Kg3 Be6 41. Nd3 Nd2 42. Nc5 Bc8 43. Rf2 Ndc4 44. Re2 Rf7 45. c3 Nd6 46. Nf2 Nb5 47. Nd1 Kf8 48. Ne6+ Kg8 49. Nc5 Ra7 50. Bxd5+ Nxd5 51. Re8+ Kf7 52. Rxc8 Nbxc3 53. Nxc3 Nxc3 54. Kf2 Re7 55. Rb8 Ne4+ 56. Kf3 Nc3 1/2-1/2

[Event "Hessen-ch qual-D"]
[Site "Erlensee"]
[Date "2007.04.06"]
[Round "4"]
[White "Ahrend, Bodo"]
[Black "Mainka, Walter"]
[Result "1-0"]
[WhiteElo "1595"]
[BlackElo "1551"]
[PlyCount "193"]
[EventDate "2007.04.06"]
[EventType "swiss"]
[EventRounds "5"]
[EventCountry "GER"]
[SourceTitle "CBM 117 Extra"]
[Source "ChessBase"]
[SourceDate "2007.05.09"]
[SourceVersion "1"]
[SourceVersionDate "2007.05.09"]
[SourceQuality "1"]

1. e4 c5 2. Nf3 Nc6 3. Bc4 e6 4. a3 a6 5. Ba2 b5 6. d3 Be7 7. 0-0 d6 8. Bd2 Nf6 9. Re1 Nd7 10. h3 0-0 11. Nh2 Bf6 12. Bc3 Nd4 13. Ng4 Bh4 14. Nd2 Ne5 15. Bxd4 cxd4 16. Nxe5 dxe5 17. Qg4 Be7 18. Nf3 Qd6 19. Re2 Bd7 20. Rf1 Kh8 21. Qg3 f6 22. Nh2 g5 23. f3 Rg8 24. Qe1 a5 25. Qd2 b4 26. axb4 axb4 27. Bc4 Ra5 28. c3 Rga8 29. cxb4 Qxb4 30. Qxb4 Bxb4 31. Rc2 Bd6 32. Ng4 Kg7 33. Nf2 h5 34. g3 Kf7 35. h4 gxh4 36. gxh4 Rg8+ 37. Kh2 Rc8 38. Rb1 Rb8 39. Rg1 Bf8 40. Nh1 Bh6 41. Kh3 Be3 42. Rb1 Ke7 43. Rg2 Rh8 44. Ng3 Be8 45. b4 Ra8 46. Ne2 Bf7 47. Rg7 Rag8 48. Rxg8 Rxg8 49. Ra1 Rb8 50. Ra7+ Ke8 51. b5 Bd2 52. Ra2 Bb4 53. Ra6 Ke7 54. Ra7+ Kf8 55. Ra4 Bc5 56. Nc1 Bb6 57. Nb3 Ke7 58. Na5 Kd6 59. Nc6 Rb7 60. Ra6 Kc7 61. Ra8 Kd6 62. Rf8 Rd7 63. Kg3 Rb7 64. Kf2 Rd7 65. Ke2 Bc7 66. Kd2 Kc5 67. Rc8 Kb6 68. Kc2 Kb7 69. Rf8 Kb6 70. Kb3 Kb7 71. Ka4 Kb6 72. Rh8 Rd6 73. Rh7 Rd7 74. Rh8 Kc5 75. Nb4 Bb6 76. Rc8+ Bc7 77. Na6+ Kb6 78. Rf8 Bd6 79. Rh8 Be7 80. Rb8+ Rb7 81. Rc8 Rd7 82. Rh8 f5 83. exf5 exf5 84. Bxf7 Bxh4 85. Be6 Rd8 86. Rxh5 e4 87. fxe4 fxe4 88. Rxh4 e3 89. Rh2 Rf8 90. Re2 Rf1 91. Nb4 Ra1+ 92. Kb3 Rb1+ 93. Kc4 Ka5 94. Ra2+ Kb6 95. Nd5+ Kb7 96. Bd7 Rd1 97. Kxd4 1-0